01405nam a2200241Ia 4500001001100000003001000011008004100021040002500062041001300087100002700100245004200127250001100169260006700180300002700247500026200274501011400536520026200650650003400912942000700946957000600953999004200959952016201001L240-11904IT-CnALBA170116s9999||||xx |||||||||||||| ||und|| aIT-CnALBAcIT-CnALBA aITALIANO aCUTTAZ FRANCOIS, MONS. 0aMISTICA E PRATICA DELL'AMORE DI DIO.  a2a ed. aCINISELLO BALSAMO (MI)bEDIZIONI PAOLINEc1963 [1° Ed.: n.d.] a474 p. (prefazione: 7) aBIBLIOTECA DI CULTURA RELIGIOSA. TRADUZIONE DAL FRANCESE DI C. AMADEI. AMORE DEL PADRE. AMORE SOMMO, DISINTERESSATO, TOTALE, SOPRANNATURALE. AMORE FILIALE. FIDUCIA NEL PADRE. POTENZA DELLA GRAZIA. NECESSITÀ EFFICACIA CONDIZIONI CONSEGUENZE DELLA PREGHIERA aSocietà San Paolo EM - Piazza San Paolo, 14 - 12051 ALBA (CN) (non commercial uses only) ® Copyright 2017 aBIBLIOTECA DI CULTURA RELIGIOSA. TRADUZIONE DAL FRANCESE DI C. AMADEI. AMORE DEL PADRE. AMORE SOMMO, DISINTERESSATO, TOTALE, SOPRANNATURALE. AMORE FILIALE. FIDUCIA NEL PADRE. POTENZA DELLA GRAZIA. NECESSITÀ EFFICACIA CONDIZIONI CONSEGUENZE DELLA PREGHIERA aTEOLOGIA SPIRITUALE CRISTIANA cBK 71 a16657bNOg Copie: 1 c271081d271081 0010406L_2401190471aALBAbALBAd2017-01-16l0oL240-11904r2017-01-16 00:00:00w2017-01-16yBKz(data import: 16 gennaio 2017) - By Epidotti, Vaglietti.